000 00482nam a2200169Ia 4500
008 220216s9999 xx 000 0 und d
100 _aLe Roux Y
245 0 _aExperimental modification of root morphogenesis in young hevea(Hevea brasiliensis) seedlings
260 _bCanadian Journal of Botany
_c2000
300 _a1460-1468
500 _aSource Year: 2001
650 _aHevea seedlings
650 _aRoot morphogenesis
700 _aPages L
856 _uCPA
942 _cJS
999 _c59112
_d59112